[Event "ch-FRA NatB"]
[Site "Belfort FRA"]
[Date "2010.08.09"]
[Round "1"]
[White "Shchekachev,A"]
[Black "Terrieux,K"]
[Result "1-0"]
[WhiteElo "2546"]
[BlackElo "2437"]
[EventDate "2010.08.09"]

1. c4 Nf6 2. Nc3 e6 3. g3 Bb4 4. Bg2 O-O 5. Nf3 d5 6. Qb3 c5 7. O-O Nc6 8.
d3 Bxc3 9. Qxc3 d4 10. Qa3 Qb6 11. e3 e5 12. exd4 cxd4 13. Bg5 Nd7 14. Be7
Nxe7 15. Qxe7 Qd8 16. Qd6 Qf6 17. Qxf6 gxf6 18. b4 a5 19. a3 Nb6 20. Nd2
Na4 21. Nb3 Ra7 22. Nxa5 Nb2 23. c5 Nxd3 24. Nc4 Be6 25. Nd6 b6 26. Nb5 Re7
27. cxb6 Rb8 28. b7 Bb3 29. Nd6 Rd7 30. Ne4 Kg7 31. Nc5 Nxc5 32. bxc5 f5
33. c6 Rc7 34. a4 e4 35. a5 1-0

[Event "ch-FRA NatB"]
[Site "Belfort FRA"]
[Date "2010.08.09"]
[Round "1"]
[White "Lagarde,Max"]
[Black "Bailet,P"]
[Result "1/2-1/2"]
[WhiteElo "2414"]
[BlackElo "2425"]
[EventDate "2010.08.09"]

1. e4 c5 2. Nf3 d6 3. d4 cxd4 4. Nxd4 Nf6 5. Nc3 g6 6. Be3 Bg7 7. f3 Nc6 8.
Bc4 O-O 9. Qd2 Bd7 10. O-O-O Ne5 11. Bb3 Qa5 12. Kb1 Rfc8 13. h4 Rab8 14.
h5 Rxc3 15. bxc3 Nxh5 16. Bh6 Bxh6 17. Qxh6 Nf6 18. g4 Qxc3 19. g5 Nh5 20.
Nf5 Bxf5 21. exf5 Nc4 22. Bxc4 Qxc4 23. Rxh5 Qb4+ 24. Ka1 Qc3+ 25. Kb1 Qb4+
26. Ka1 Qc3+ 1/2-1/2

[Event "ch-FRA NatB"]
[Site "Belfort FRA"]
[Date "2010.08.09"]
[Round "1"]
[White "Housieaux,D"]
[Black "Vaisser,A"]
[Result "0-1"]
[WhiteElo "2423"]
[BlackElo "2515"]
[EventDate "2010.08.09"]

1. c4 e6 2. Nc3 d5 3. e3 Nf6 4. Nf3 c5 5. d4 Nc6 6. a3 cxd4 7. exd4 dxc4 8.
Bxc4 Be7 9. O-O O-O 10. Qd3 a6 11. Ne4 b5 12. Bb3 Bb7 13. Bc2 Nxe4 14. Qxe4
g6 15. Bh6 Re8 16. Rad1 Na5 17. Qf4 Bxf3 18. Qxf3 Bg5 19. Bxg5 Qxg5 20.
Rfe1 Nc4 21. b3 Nxa3 22. Re5 Qe7 23. Be4 Rad8 24. Bc6 Rf8 25. Qc3 b4 26.
Qc1 Rc8 27. Rc5 Rc7 28. Qf4 Rd8 29. Rdc1 Qd6 30. Qxd6 Rxd6 31. Bf3 Rcd7 32.
Rc8+ Kg7 33. Bc6 Rd8 34. Bb7 Rxc8 35. Bxc8 a5 36. Rc5 Rxd4 37. g3 a4 38.
Rc7 axb3 39. Bxe6 b2 40. Rxf7+ Kh6 0-1

[Event "ch-FRA NatB"]
[Site "Belfort FRA"]
[Date "2010.08.09"]
[Round "1"]
[White "Apicella,M"]
[Black "Gozzoli,Y"]
[Result "1/2-1/2"]
[WhiteElo "2529"]
[BlackElo "2520"]
[EventDate "2010.08.09"]

1. c4 e5 2. Nc3 Nf6 3. g3 Nc6 4. Bg2 Bc5 5. Nf3 d6 6. O-O O-O 7. d3 h6 8.
a3 a5 9. e3 Bb6 10. b3 Be6 11. d4 Bg4 12. d5 Ne7 13. Qc2 Qd7 14. Bb2
1/2-1/2

[Event "ch-FRA NatB"]
[Site "Belfort FRA"]
[Date "2010.08.09"]
[Round "1"]
[White "Jolly,J"]
[Black "Prie,E"]
[Result "0-1"]
[WhiteElo "2411"]
[BlackElo "2529"]
[EventDate "2010.08.09"]

1. c4 Nf6 2. g3 Nc6 3. Nc3 e5 4. Nf3 Bc5 5. Bg2 d6 6. O-O O-O 7. d3 Re8 8.
Bg5 h6 9. Bxf6 Qxf6 10. Nd5 Qd8 11. Rb1 a5 12. a3 Ne7 13. b4 Nxd5 14. cxd5
axb4 15. axb4 Ba7 16. Qc2 b5 17. Nd2 Bb6 18. Ra1 Bd7 19. Nb3 Qe7 20. e3 f5
21. d4 Ra4 22. dxe5 Qxe5 23. Rxa4 bxa4 24. Na5 Bb5 25. Nc4 Bxc4 26. Qxc4
Ra8 27. Qa2 Qc3 28. Rb1 g5 29. Bf1 a3 30. Rb3 Qxb3 31. Qxb3 a2 0-1

[Event "ch-FRA NatB"]
[Site "Belfort FRA"]
[Date "2010.08.09"]
[Round "1"]
[White "Le Roux,JP"]
[Black "Benitah,Y"]
[Result "1-0"]
[WhiteElo "2495"]
[BlackElo "2382"]
[EventDate "2010.08.09"]

1. d4 Nf6 2. Nf3 g6 3. Nc3 d5 4. Bf4 Bg7 5. e3 O-O 6. Be2 c6 7. h4 Bg4 8.
Ne5 Bxe2 9. Qxe2 Nbd7 10. O-O-O Qc8 11. f3 h6 12. g4 Ne8 13. e4 Nb6 14. Qd2
Kh7 15. Bxh6 Bxh6 16. g5 Nf6 17. gxh6 Nh5 18. Rhg1 Qe6 19. Rde1 Qf6 20. Ng4
Qd6 21. e5 Qe6 22. Ne3 Rac8 23. Ne2 c5 24. Rg5 Qh3 25. Reg1 Rg8 26. dxc5
Rxc5 27. Nd4 Nc4 28. Nxc4 Rxc4 29. b3 Rc7 30. Rxh5 f6 31. exf6 exf6 32.
Rxd5 1-0

[Event "ch-FRA NatB"]
[Site "Belfort FRA"]
[Date "2010.08.10"]
[Round "2"]
[White "Prie,E"]
[Black "Lagarde,Max"]
[Result "1/2-1/2"]
[WhiteElo "2529"]
[BlackElo "2414"]
[EventDate "2010.08.09"]

1. d4 Nf6 2. Bf4 g6 3. e3 Bg7 4. Nf3 O-O 5. Be2 c5 6. c3 b6 7. O-O Bb7 8.
h3 d6 9. Nbd2 Nc6 10. Re1 Qd7 11. Bh2 Rac8 12. a3 Rfd8 13. e4 cxd4 14. cxd4
d5 15. e5 Ne4 16. Bd3 Na5 17. Nxe4 dxe4 18. Bxe4 Bxe4 19. Rxe4 Qd5 20. Qe2
Qb3 21. Re3 Rc2 22. Rxb3 Rxe2 23. Rb5 Rc8 24. Rf1 Rcc2 25. b4 Nc4 26. Rd5
Bh6 27. Rd8+ Kg7 28. g4 Nd2 29. Nxd2 Rcxd2 30. d5 Be3 31. Bg3 Bd4 32. Rd7
Bxe5 33. Bxe5+ Rxe5 34. Rxa7 1/2-1/2

[Event "ch-FRA NatB"]
[Site "Belfort FRA"]
[Date "2010.08.10"]
[Round "2"]
[White "Benitah,Y"]
[Black "Apicella,M"]
[Result "1/2-1/2"]
[WhiteElo "2382"]
[BlackElo "2529"]
[EventDate "2010.08.09"]

1. d4 e6 2. c4 Bb4+ 3. Bd2 Qe7 4. Nf3 Nf6 5. Qc2 Bxd2+ 6. Nbxd2 d6 7. e3
O-O 8. Bd3 e5 9. O-O Re8 10. dxe5 dxe5 11. Ng5 h6 12. Nge4 Nbd7 13. Nxf6+
Nxf6 14. Ne4 1/2-1/2

[Event "ch-FRA NatB"]
[Site "Belfort FRA"]
[Date "2010.08.10"]
[Round "2"]
[White "Bailet,P"]
[Black "Le Roux,JP"]
[Result "1/2-1/2"]
[WhiteElo "2425"]
[BlackElo "2495"]
[EventDate "2010.08.09"]

1. d4 Nf6 2. c4 e6 3. Nf3 c5 4. e3 d5 5. Nc3 a6 6. a3 dxc4 7. Bxc4 b5 8.
Bd3 Nbd7 9. O-O Bb7 10. Qe2 Bd6 11. Rd1 Qb8 12. dxc5 Nxc5 13. Bc2 Nce4 14.
Nxe4 Nxe4 15. Rd4 f5 16. Bb3 Ke7 1/2-1/2

[Event "ch-FRA NatB"]
[Site "Belfort FRA"]
[Date "2010.08.10"]
[Round "2"]
[White "Terrieux,K"]
[Black "Vaisser,A"]
[Result "1/2-1/2"]
[WhiteElo "2437"]
[BlackElo "2515"]
[EventDate "2010.08.09"]

1. d4 d5 2. c4 e6 3. Nc3 Be7 4. Nf3 Nf6 5. cxd5 exd5 6. Bg5 c6 7. Qc2 Na6
8. a3 Nc7 9. e3 Ne6 10. Bh4 g6 11. Bd3 Ng7 12. b4 a6 13. O-O O-O 14. Rfb1
Bf5 15. a4 Bxd3 16. Qxd3 Nf5 17. Bxf6 Bxf6 18. b5 a5 19. Rb3 c5 20. dxc5 d4
21. Ne4 dxe3 22. Qxd8 exf2+ 23. Kxf2 Bxd8 24. Rd3 Re8 25. Re1 Kf8 26. g4
Nh6 27. g5 Ng4+ 28. Kg3 f5 29. gxf6 Nxf6 30. Nxf6 Bxf6 31. Rd7 Rxe1 32.
Nxe1 Re8 33. Nd3 Re7 34. Rxe7 Kxe7 35. Kf4 Ke6 36. Ke4 g5 37. Nc1 h5 38. h3
g4 39. hxg4 hxg4 40. Nd3 g3 41. Nf4+ Kd7 42. Kf3 Bd4 43. Nd3 1/2-1/2

[Event "ch-FRA NatB"]
[Site "Belfort FRA"]
[Date "2010.08.10"]
[Round "2"]
[White "Shchekachev,A"]
[Black "Jolly,J"]
[Result "1-0"]
[WhiteElo "2546"]
[BlackElo "2411"]
[EventDate "2010.08.09"]

1. Nf3 Nf6 2. c4 e6 3. Nc3 Bb4 4. Qc2 O-O 5. a3 Bxc3 6. Qxc3 b6 7. e3 Bb7
8. Be2 d6 9. O-O Nbd7 10. b4 c5 11. Bb2 Rc8 12. d4 Qe7 13. Rfd1 Rfe8 14.
Nd2 e5 15. dxc5 dxc5 16. b5 Nf8 17. a4 Ng6 18. f3 Rcd8 19. a5 Rd7 20. Nf1
Red8 21. Rxd7 Rxd7 22. Rd1 Rxd1 23. Bxd1 e4 24. f4 Ne8 25. Bg4 Qd8 26. a6
Bc8 27. Bxc8 Qxc8 28. Ng3 f5 29. Qd2 Ne7 30. Nh5 Kf7 31. Qc3 g6 32. Nf6 h6
33. Nxe8 Kxe8 34. Qf6 Qd8 35. h3 Qd3 36. Be5 Qxc4 37. Qd6 Qxb5 38. Qb8+ Kf7
39. Qxa7 Qc6 40. Qb8 Nc8 41. Bc7 c4 42. Qxc8 c3 43. Qb7 1-0

[Event "ch-FRA NatB"]
[Site "Belfort FRA"]
[Date "2010.08.11"]
[Round "3"]
[White "Vaisser,A"]
[Black "Gozzoli,Y"]
[Result "1/2-1/2"]
[WhiteElo "2515"]
[BlackElo "2520"]
[EventDate "2010.08.09"]

1. b3 e5 2. Bb2 Nc6 3. e3 Nf6 4. Bb5 Bd6 5. Ne2 a6 6. Bxc6 dxc6 7. d3 Qe7
8. e4 Nd7 9. O-O O-O 10. Nd2 Nc5 11. f4 Bg4 12. f5 f6 13. h3 Bxe2 14. Qxe2
a5 15. a3 b5 16. Kh1 Nd7 17. a4 Rfb8 18. Ra2 bxa4 19. Rxa4 Nb6 20. Ra2 a4
21. bxa4 Rxa4 22. Rxa4 Nxa4 23. Ba1 Bb4 24. Rb1 Qf8 25. Nc4 Nc3 26. Bxc3
Bxc3 27. Rxb8 Qxb8 28. Qd1 Qb4 29. g3 g6 30. fxg6 hxg6 31. g4 Kg7 32. h4
Be1 33. h5 Bg3 34. Kg2 Bf4 35. Kf3 Qc3 36. Qb1 Kh6 37. hxg6 Kxg6 38. Ke2
Qd4 39. Qe1 Kg5 40. Qh1 Kg6 41. Kf3 Qc3 42. Qd1 Kg5 43. Ne3 Bxe3 44. Kxe3
Kg6 45. Kf3 1/2-1/2

[Event "ch-FRA NatB"]
[Site "Belfort FRA"]
[Date "2010.08.11"]
[Round "3"]
[White "Jolly,J"]
[Black "Terrieux,K"]
[Result "1/2-1/2"]
[WhiteElo "2411"]
[BlackElo "2437"]
[EventDate "2010.08.09"]

1. e4 c5 2. Nf3 Nc6 3. d4 cxd4 4. Nxd4 Qb6 5. Nb3 Nf6 6. Nc3 e6 7. Bd3 Qc7
8. f4 d6 9. g4 a6 10. g5 Nd7 11. Be3 b5 12. Qg4 Nb4 13. O-O Nc5 14. Rad1
Be7 15. Rf3 Bd7 16. Nc1 Nbxd3 17. cxd3 b4 18. N3e2 Na4 19. Rd2 f5 20. gxf6
Bxf6 21. d4 g6 22. Nd3 O-O 23. e5 Bg7 24. Rh3 Rf7 25. d5 Rf5 26. Nd4 exd5
27. e6 Bxd4 28. Bxd4 Bxe6 29. Qxg6+ hxg6 30. Rh8+ Kf7 31. Rh7+ Kg8 32. Rxc7
Bf7 33. Nxb4 Rxf4 34. Nxa6 g5 35. Nb4 Nxb2 36. Bxb2 Rxb4 37. Rg2 Rxa2 38.
Rxg5+ Kf8 39. Rf5 Rbxb2 40. Rfxf7+ 1/2-1/2

[Event "ch-FRA NatB"]
[Site "Belfort FRA"]
[Date "2010.08.11"]
[Round "3"]
[White "Le Roux,JP"]
[Black "Prie,E"]
[Result "1/2-1/2"]
[WhiteElo "2495"]
[BlackElo "2529"]
[EventDate "2010.08.09"]

1. d4 d5 2. c4 c6 3. Nc3 dxc4 4. e4 b5 5. a4 b4 6. Na2 Nf6 7. e5 Nd5 8.
Bxc4 e6 9. Nf3 Be7 10. Bd2 a5 11. Nc1 Nd7 12. Nb3 Bb7 13. O-O h6 14. Qe2
Qb6 15. Qe4 g6 16. Rac1 Kf8 17. Ne1 c5 18. dxc5 Nxc5 19. Nxc5 Bxc5 20. Nd3
Be7 21. Qg4 Kg7 22. Bxd5 h5 23. Qf4 Bxd5 24. Be3 Qd8 25. Nc5 h4 26. h3 Rh5
27. Ne4 Rf5 28. Qg4 Kg8 29. Bd4 Bg5 30. Rcd1 Bxe4 31. Qxe4 Rf4 32. Qb7 Rb8
33. Qa7 Ra8 34. Qb7 Rb8 35. Qa7 Ra8 36. Qb7 1/2-1/2

[Event "ch-FRA NatB"]
[Site "Belfort FRA"]
[Date "2010.08.12"]
[Round "4"]
[White "Prie,E"]
[Black "Apicella,M"]
[Result "1/2-1/2"]
[WhiteElo "2529"]
[BlackElo "2529"]
[EventDate "2010.08.09"]

1. d4 Nf6 2. Bf4 g6 3. e3 Bg7 4. Nf3 O-O 5. Be2 c5 6. c3 b6 7. O-O Bb7 8.
Nbd2 d6 9. h3 Nbd7 10. Re1 Qc7 11. Bh2 Rfe8 12. a4 a6 13. Bc4 Qc6 14. e4 b5
15. Bd3 e5 16. d5 Qb6 17. a5 Qd8 18. c4 b4 19. Bc2 Nh5 20. Ba4 Bh6 21. Nb3
f6 22. Nc1 Qxa5 23. Nd3 Qd8 24. g4 Nf4 25. Bxf4 Bxf4 26. h4 h6 27. h5 g5
28. Nh2 Bxh2+ 29. Kxh2 Bc8 30. b3 Re7 31. Bxd7 Rxd7 1/2-1/2

[Event "ch-FRA NatB"]
[Site "Belfort FRA"]
[Date "2010.08.12"]
[Round "4"]
[White "Jolly,J"]
[Black "Lagarde,Max"]
[Result "0-1"]
[WhiteElo "2411"]
[BlackElo "2414"]
[EventDate "2010.08.09"]

1. e4 c5 2. Nf3 d6 3. d4 cxd4 4. Nxd4 Nf6 5. Nc3 a6 6. Be2 Nbd7 7. f4 e5 8.
Nb3 b6 9. O-O Bb7 10. Bf3 Rc8 11. g4 h6 12. g5 hxg5 13. fxg5 Rxc3 14. bxc3
Nxe4 15. Qe2 d5 16. Bxe4 dxe4 17. Qc4 Qe7 18. Qc7 Qe6 19. Qxb7 Qg4+ 20. Kh1
Rxh2+ 21. Kxh2 Qh4+ 22. Kg2 Qg4+ 23. Kf2 Qf3+ 24. Ke1 Qg3+ 25. Rf2 Qg1+ 26.
Ke2 Qg4+ 27. Kf1 Qd1+ 28. Kg2 Qg4+ 29. Kh2 Qh4+ 30. Kg1 Qg3+ 31. Kf1 Qh3+
32. Rg2 Qf3+ 33. Kg1 Qd1+ 34. Kh2 Qh5+ 35. Kg3 Qf3+ 36. Kh4 Bd6 37. Qc8+
Ke7 38. Ba3 Bxa3 39. Rg3 Qf2 40. Qc4 Qh2+ 41. Rh3 Qf4+ 42. Kh5 Qf5 43. Kh4
Qf4+ 44. Kh5 Kd8 45. Rd1 Bf8 46. Rxd7+ Kxd7 47. Rd3+ exd3 48. Qxf4 exf4 49.
cxd3 f3 50. g6 f2 51. Nd2 f5 52. Kg5 Ke6 53. Kf4 Ba3 54. Kf3 Bb2 55. c4 Bd4
56. Ke2 Kf6 57. Nb3 Be3 58. a4 Kxg6 59. a5 bxa5 60. Nxa5 Kf6 61. Nc6 g5 62.
Nb4 f4 63. Nxa6 g4 64. Nb4 Kg5 65. Nd5 g3 0-1

[Event "ch-FRA NatB"]
[Site "Belfort FRA"]
[Date "2010.08.12"]
[Round "4"]
[White "Terrieux,K"]
[Black "Gozzoli,Y"]
[Result "1/2-1/2"]
[WhiteElo "2437"]
[BlackElo "2520"]
[EventDate "2010.08.09"]

1. d4 Nf6 2. c4 e6 3. Nc3 Bb4 4. Qc2 O-O 5. a3 Bxc3+ 6. Qxc3 b5 7. cxb5 c6
8. f3 Nd5 9. Qd3 cxb5 10. e4 Nb6 11. Nh3 Nc6 12. Be2 Qh4+ 13. Nf2 d5 14. g3
Qd8 15. e5 a5 16. Qd1 Ba6 17. O-O a4 1/2-1/2

[Event "ch-FRA NatB"]
[Site "Belfort FRA"]
[Date "2010.08.12"]
[Round "4"]
[White "Benitah,Y"]
[Black "Vaisser,A"]
[Result "1-0"]
[WhiteElo "2382"]
[BlackElo "2515"]
[EventDate "2010.08.09"]

1. d4 Nf6 2. c4 c5 3. d5 b5 4. cxb5 a6 5. b6 d6 6. Nc3 Nbd7 7. e4 g6 8. Nf3
Rb8 9. Be2 Bg7 10. O-O O-O 11. Qc2 Nxb6 12. h3 e6 13. dxe6 fxe6 14. Rd1 Qe7
15. Bf4 e5 16. Bg5 h6 17. Be3 Kh7 18. a4 Bb7 19. Nd2 Ne8 20. Rab1 a5 21.
Nb5 Bc6 22. b3 h5 23. Nf3 Bf6 24. Rd2 Qb7 25. Bd3 Nc8 26. Nc3 Nc7 27. Bc4
Na6 28. Rbd1 Nb4 29. Qb1 Kg7 30. Bb5 Qe7 31. Bxc5 Rd8 32. Bxb4 axb4 33.
Bxc6 bxc3 34. Rc2 g5 35. Rxc3 Qa7 36. Qc1 Kg6 37. Bd5 Ne7 38. Rc7 Qb6 39.
Be6 Rb7 40. Rxb7 Qxb7 41. Qe3 Qb4 42. g3 Rb8 43. h4 g4 44. Ng5 Qc5 45. Bf7+
Kh6 46. Qd2 Qd4 47. Qc1 Qc5 48. Bc4 Kg6 49. Bf7+ Kh6 50. Qxc5 dxc5 51. Rd6
Kg7 52. Bc4 Rc8 53. Ne6+ Kg6 54. Ba6 Rc6 55. Rxc6 Nxc6 56. Nxc5 Be7 57. Nd3
Kf6 58. Bc4 Bd6 59. Bd5 Nb4 60. Nxb4 Bxb4 61. Bc6 Ke7 62. Kg2 Be1 63. f3
gxf3+ 64. Kxf3 Ba5 65. g4 hxg4+ 66. Kxg4 Kf6 67. h5 Bb4 68. Bd5 Ba5 69. Kf3
Kg5 70. Bf7 Kf6 71. Bg6 Kg5 72. Ke3 Kf6 73. Kd3 Ke6 74. h6 Kf6 75. h7 1-0

[Event "ch-FRA NatB"]
[Site "Belfort FRA"]
[Date "2010.08.12"]
[Round "4"]
[White "Bailet,P"]
[Black "Housieaux,D"]
[Result "1-0"]
[WhiteElo "2425"]
[BlackElo "2423"]
[EventDate "2010.08.09"]

1. e4 e6 2. d4 d5 3. Nd2 Nf6 4. e5 Nfd7 5. Bd3 c5 6. c3 Nc6 7. Ngf3 a6 8.
O-O g5 9. h4 gxh4 10. Re1 b5 11. a4 Rb8 12. axb5 axb5 13. dxc5 Nxc5 14. Bf1
Bg7 15. Nb3 Ne4 16. Nbd4 Bd7 17. Nxc6 Bxc6 18. Nd4 h3 19. Qh5 hxg2 20. Bxg2
Qd7 21. Ra6 Rc8 22. Bh6 Rg8 23. Rea1 Nc5 24. Nxc6 Rxc6 25. Ra7 Nb7 26. Qg5
Bxh6 27. Qxg8+ Bf8 28. Bf1 Rc8 29. R1a6 1-0

[Event "ch-FRA NatB"]
[Site "Belfort FRA"]
[Date "2010.08.13"]
[Round "5"]
[White "Vaisser,A"]
[Black "Bailet,P"]
[Result "1-0"]
[WhiteElo "2515"]
[BlackElo "2425"]
[EventDate "2010.08.09"]

1. d4 Nf6 2. c4 e6 3. Nc3 Bb4 4. e3 O-O 5. a3 Bxc3+ 6. bxc3 c5 7. Ne2 Nc6
8. Ng3 d5 9. cxd5 exd5 10. Bd3 Qa5 11. Bd2 Qc7 12. O-O Re8 13. f3 Be6 14.
Be1 Rad8 15. Ne2 Bc8 16. Bf2 Re7 17. g4 h6 18. Ng3 Rde8 19. Kg2 Qa5 20. Qc1
g6 21. h3 Kg7 22. Re1 Qd8 23. Qb2 Rd7 24. Rad1 b6 25. h4 Rd6 26. Bb5 a6 27.
dxc5 bxc5 28. Bxc6 Rxc6 29. c4 Rb6 30. Qc3 Kg8 31. cxd5 Nxd5 32. Qxc5 Rb5
33. Qd4 Bb7 34. Ne4 Qe7 35. g5 h5 36. Rb1 Rd8 37. Rxb5 axb5 38. Kg1 Rc8 39.
Bg3 Rc4 40. Qe5 Qxe5 41. Bxe5 Kf8 42. Nd6 Rc7 43. Nxb5 Rc2 44. e4 Nb6 45.
Rd1 1-0

[Event "ch-FRA NatB"]
[Site "Belfort FRA"]
[Date "2010.08.13"]
[Round "5"]
[White "Apicella,M"]
[Black "Shchekachev,A"]
[Result "1/2-1/2"]
[WhiteElo "2529"]
[BlackElo "2546"]
[EventDate "2010.08.09"]

1. e4 c5 2. Nf3 d6 3. d4 cxd4 4. Nxd4 Nf6 5. Nc3 a6 6. Be2 Nbd7 7. f4 g6 8.
O-O Bg7 9. Kh1 O-O 10. Bf3 Qc7 11. Nd5 Nxd5 12. exd5 Nf6 13. Be3 b5 14. a4
Bb7 15. Nb3 a5 16. Rf2 Rfc8 17. Rd2 Qd7 18. axb5 a4 19. Nc1 Qxb5 20. Ne2
Qd7 21. Bd4 Qf5 22. Bc3 h5 23. h3 Rc5 24. Bxf6 Bxf6 25. c3 Qd7 26. Ng3 Rcc8
27. Ne4 Bg7 28. g4 hxg4 29. hxg4 a3 30. Rxa3 Rxa3 31. bxa3 Bxc3 32. Rc2 Bg7
33. Ng5 Ba6 34. Rxc8+ Bxc8 35. Qe2 Qc7 36. Kg2 Bf6 37. Ne4 Bg7 38. Ng5 Bf6
39. Ne4 Bd4 40. Ng5 Kf8 41. Nh7+ Ke8 42. Qd3 Qb6 43. Qc2 Bd7 44. Ng5 Qb2
45. Qxb2 Bxb2 46. Kg3 Bxa3 47. Be4 Bc1 48. Nf3 Be3 49. f5 g5 50. Ne1 Kd8
51. Bd3 Bd2 52. Nf3 Bf4+ 53. Kf2 Kc7 54. Nd4 Kb6 55. Kf3 Be5 56. Nb3 Bc8
57. Bc4 Bd7 58. Ke4 Bc3 59. Kd3 Bb2 60. Ke4 Kc7 61. Kd3 Bc8 62. Ke4 Bc3 63.
Kd3 Bb4 64. Nd4 Bc5 65. Nc6 e6 66. fxe6 fxe6 67. dxe6 1/2-1/2

[Event "ch-FRA NatB"]
[Site "Belfort FRA"]
[Date "2010.08.13"]
[Round "5"]
[White "Lagarde,Max"]
[Black "Terrieux,K"]
[Result "1-0"]
[WhiteElo "2414"]
[BlackElo "2437"]
[EventDate "2010.08.09"]

1. e4 c5 2. Nf3 Nc6 3. d4 cxd4 4. Nxd4 e5 5. Nb5 d6 6. c4 Be7 7. N1c3 a6 8.
Na3 f5 9. exf5 Bxf5 10. Bd3 Be6 11. b3 Nf6 12. O-O O-O 13. Nc2 b5 14. Nd5
Rb8 15. Ba3 Kh8 16. Nce3 Nd4 17. Nxf6 Rxf6 18. Bb2 Qb6 19. Rc1 Rbf8 20. Be4
bxc4 21. Nxc4 Qb5 22. Bd3 Qb7 23. Bxd4 exd4 24. Na5 Qd5 25. Nc6 Qg5 26. f4
Rxf4 27. Rxf4 Rxf4 28. Nxe7 Qxe7 29. Qe2 Qf7 30. Bxa6 Bg4 31. Qd2 h5 32.
Bd3 Qf6 33. h3 Be6 34. Re1 g5 35. Qe2 Bf7 36. Qe7 Qxe7 37. Rxe7 h4 38. Rd7
Rf6 39. Rb7 Bg6 40. Bxg6 Rxg6 41. Rb4 d3 42. Rd4 Kg7 43. Kf2 Kf7 44. Ke3
Ke6 45. Kxd3 d5 46. Rg4 Ke5 47. a4 Rg8 48. b4 Kd6 49. Kd4 Rb8 50. Kc3 Rc8+
51. Kb3 Ke5 52. Rxg5+ Ke4 53. Rg7 d4 54. b5 d3 55. Re7+ Kf4 56. b6 d2 57.
Rd7 Ke3 58. b7 Ke4 1-0

[Event "ch-FRA NatB"]
[Site "Belfort FRA"]
[Date "2010.08.13"]
[Round "5"]
[White "Le Roux,JP"]
[Black "Jolly,J"]
[Result "0-1"]
[WhiteElo "2495"]
[BlackElo "2411"]
[EventDate "2010.08.09"]

1. Nf3 Nf6 2. d4 d5 3. e3 e6 4. c4 Be7 5. Nc3 O-O 6. Qc2 Nbd7 7. cxd5 exd5
8. g3 c6 9. Bg2 Re8 10. O-O Bd6 11. a3 Nb6 12. Nh4 Ng4 13. h3 Nf6 14. b3
Be6 15. Bb2 Qd7 16. Kh2 Nc8 17. f4 Ne7 18. f5 Qc7 19. fxe6 Bxg3+ 20. Kh1
fxe6 21. Rxf6 gxf6 22. Nf3 Kh8 23. e4 Rg8 24. Ne2 Rg6 25. Rg1 Rag8 26. Bf1
Nc8 27. e5 Qg7 28. Bc1 Ne7 29. exf6 Qxf6 30. Qd3 Nf5 31. Bd2 Bd6 32. Rxg6
Qxg6 33. Be1 Rf8 34. Qd2 Ng3+ 35. Nxg3 Rxf3 0-1

[Event "ch-FRA NatB"]
[Site "Belfort FRA"]
[Date "2010.08.14"]
[Round "6"]
[White "Prie,E"]
[Black "Vaisser,A"]
[Result "1-0"]
[WhiteElo "2529"]
[BlackElo "2515"]
[EventDate "2010.08.09"]

1. d4 Nf6 2. Bf4 g6 3. Nf3 Bg7 4. Nc3 d6 5. Qd2 h6 6. h3 g5 7. Bg3 Bf5 8.
e3 Ne4 9. Nxe4 Bxe4 10. Bd3 Bxd3 11. cxd3 Nd7 12. O-O e6 13. Rac1 O-O 14.
a4 Nf6 15. Qb4 b6 16. Rc6 a5 17. Qc4 Ne8 18. e4 Qe7 19. Re1 Rd8 20. b3 Rd7
21. e5 Qd8 22. Re3 Kh8 23. Kh1 d5 24. Qc2 Rg8 25. Re1 Bf8 26. Qe2 Qa8 27.
Rc2 c5 28. dxc5 bxc5 29. d4 Rc7 30. Rec1 Qb7 31. dxc5 g4 32. Nd4 gxh3 33.
gxh3 Qb4 34. Qe3 Rg6 35. c6 Ng7 36. Kh2 Rc8 37. c7 Nf5 38. Nxf5 exf5 39.
Qf4 Qe4 40. Qxe4 dxe4 41. Rd1 Be7 42. Rd7 Re6 43. Rcd2 Kg7 44. R2d6 Rxd6
45. exd6 Bf6 46. Rxf7+ 1-0

[Event "ch-FRA NatB"]
[Site "Belfort FRA"]
[Date "2010.08.14"]
[Round "6"]
[White "Lagarde,Max"]
[Black "Le Roux,JP"]
[Result "0-1"]
[WhiteElo "2414"]
[BlackElo "2495"]
[EventDate "2010.08.09"]

1. e4 e5 2. Nf3 Nc6 3. Bb5 a6 4. Ba4 Nf6 5. d3 d6 6. c3 g6 7. O-O Bg7 8.
Re1 O-O 9. Nbd2 Nh5 10. Nf1 f5 11. Ne3 fxe4 12. dxe4 Kh8 13. h3 Nf4 14. Nd5
Ne6 15. Bb3 h6 16. Be3 Na5 17. Qe2 Nxb3 18. axb3 Bd7 19. Red1 g5 20. Nh2
Rc8 21. Nf1 Nf4 22. Bxf4 gxf4 23. Nh2 Be6 24. c4 Qe8 25. Rd3 Qf7 26. Qf3
Rg8 27. Rad1 Bf8 28. Kh1 c6 29. Nb6 Re8 30. c5 d5 31. b4 dxe4 32. Qxe4 Bf5
33. Qe2 Bxd3 34. Rxd3 e4 35. Rd7 Qg6 36. Qg4 e3 37. fxe3 fxe3 38. Qe2 Bg7
39. Ng4 h5 40. Nxe3 Qb1+ 41. Kh2 Be5+ 0-1

[Event "ch-FRA NatB"]
[Site "Belfort FRA"]
[Date "2010.08.14"]
[Round "6"]
[White "Jolly,J"]
[Black "Apicella,M"]
[Result "1-0"]
[WhiteElo "2411"]
[BlackElo "2529"]
[EventDate "2010.08.09"]

1. e4 e6 2. d4 d5 3. Nd2 Nf6 4. Bd3 c5 5. e5 Nfd7 6. c3 Nc6 7. Ne2 cxd4 8.
cxd4 f6 9. exf6 Nxf6 10. Nf3 Bd6 11. O-O O-O 12. Bg5 Bd7 13. Nc3 Qe8 14.
Bh4 Qh5 15. Ne2 Ne4 16. Ng3 Nxg3 17. Bxg3 Bxg3 18. hxg3 Rf6 19. Nh2 Qxd1
20. Rfxd1 a6 21. Rac1 Be8 22. Bc2 Rf8 23. Ba4 Nb4 24. Bxe8 Raxe8 25. a3 Nc6
26. Nf3 h6 27. Rc3 g5 28. Rb3 Re7 29. Rb6 Rc8 30. g4 Rf8 31. Ne5 Nxe5 32.
dxe5 Rc8 33. f3 Rc2 34. Kf1 Kf7 35. Rd3 Rc1+ 36. Ke2 Rc2+ 37. Kf1 Rc1+ 38.
Kf2 Rc2+ 39. Ke3 Rxg2 40. Rdb3 d4+ 41. Kxd4 Rd7+ 42. Ke3 Rd5 43. Rxb7+ Kg6
44. R7b6 Rxe5+ 45. Kd4 Kf6 46. Rxa6 Rc2 47. Rd6 Rd2+ 48. Rd3 Rxb2 49. Kc3
Ra2 50. Kb3 Ree2 51. Kb4 Ke5 52. R6d4 Rab2+ 53. Ka5 Rb8 54. Rb4 Ra8+ 55.
Kb5 Kf6 56. a4 Rc2 57. Rbb3 Rb8+ 58. Ka5 Ra8+ 59. Kb4 Ra2 60. Ra3 Rb8+ 61.
Kc4 Rab2 62. Rdb3 Rc2+ 63. Kd3 Rxb3+ 64. Rxb3 Ra2 65. Rb4 Ke5 66. Kc4 Ra3
67. Kc5 Rxf3 68. a5 Ra3 69. Kb6 Kd5 70. a6 e5 71. a7 Rxa7 72. Kxa7 e4 73.
Rb1 e3 74. Kb6 Ke4 75. Kc5 e2 76. Kc4 Ke3 77. Kc3 Kf3 78. Kd2 Kxg4 79. Kxe2
Kg3 80. Rh1 Kg2 81. Rxh6 g4 82. Rg6 g3 83. Rg7 1-0

[Event "ch-FRA NatB"]
[Site "Belfort FRA"]
[Date "2010.08.16"]
[Round "7"]
[White "Vaisser,A"]
[Black "Shchekachev,A"]
[Result "0-1"]
[WhiteElo "2515"]
[BlackElo "2546"]
[EventDate "2010.08.09"]

1. d4 d5 2. c4 e6 3. Nc3 Be7 4. cxd5 exd5 5. Bf4 Nf6 6. e3 Bf5 7. Nge2 O-O
8. Ng3 Be6 9. Bd3 c5 10. dxc5 Bxc5 11. O-O Nc6 12. Rc1 d4 13. Nb5 Bb6 14.
e4 Ng4 15. h3 Nge5 16. Bxe5 Nxe5 17. f4 a6 18. Na3 Qh4 19. Ne2 Nxd3 20.
Qxd3 Rac8 21. Rxc8 Rxc8 22. Kh2 Qe7 23. Ng3 Qb4 24. Nh5 Bxa2 25. Qg3 g6 26.
Nf6+ Kg7 27. f5 Bc7 28. e5 d3 29. Kh1 d2 30. Qg5 Bd8 31. Nc2 Qc5 32. Ne3 h6
33. Nh5+ Kh7 34. fxg6+ fxg6 35. Nf6+ Bxf6 36. Qxf6 Qxe3 37. Qe7+ Kg8 38.
Qd6 Qg5 39. e6 Re8 40. Qd7 Qe7 41. Qxd2 Bxe6 42. Qxh6 Qg7 43. Qg5 Bf5 44.
Kh2 Qe5+ 45. Kh1 Bd3 0-1

[Event "ch-FRA NatB"]
[Site "Belfort FRA"]
[Date "2010.08.16"]
[Round "7"]
[White "Housieaux,D"]
[Black "Jolly,J"]
[Result "1-0"]
[WhiteElo "2423"]
[BlackElo "2411"]
[EventDate "2010.08.09"]

1. d4 Nf6 2. c4 c5 3. d5 b5 4. cxb5 a6 5. f3 e6 6. e4 c4 7. Bxc4 axb5 8.
Bxb5 Bc5 9. Nc3 O-O 10. Nge2 Qb6 11. Qb3 Na6 12. Bd2 Bf2+ 13. Kf1 Nc5 14.
Qc2 Bb7 15. Nf4 Bd4 16. Bc4 Ba6 17. Bxa6 Qxa6+ 18. Nfe2 exd5 19. b4 Ncxe4
20. fxe4 Nxe4 21. Ke1 Rfe8 22. b5 Qg6 23. Kd1 Bxc3 24. Nxc3 Rac8 25. Kc1 d4
26. Re1 dxc3 27. Be3 Qd6 28. a4 Qd2+ 29. Bxd2 cxd2+ 30. Kb2 Rxc2+ 31. Kxc2
dxe1=Q 32. Rxe1 Rc8+ 33. Kb2 Nc5 34. Ra1 Rb8 35. Kc3 Kf8 36. Kc4 d6 37. a5
Ke7 38. b6 Nd7 39. Kb5 f5 40. Re1+ Kf6 41. Kc6 Nc5 42. Kxd6 Na6 43. Re6+
Kf7 44. Re7+ Kf6 45. Ra7 Rd8+ 46. Kc6 Nb4+ 47. Kb5 Nc2 48. b7 Nd4+ 49. Kb6
Ke5 50. Ra8 Rd6+ 51. Kc5 Rc6+ 52. Kb4 Nc2+ 53. Kb3 Nd4+ 54. Kb2 Kd5 1-0